Normal view
MARC view
Entry Personal Name
001 - CONTROL NUMBER
- control field: 6713
003 - CONTROL NUMBER IDENTIFIER
- control field: OSt
005 - DATE AND TIME OF LATEST TRANSACTION
- control field: 20220709030423.0
008 - FIXED-LENGTH DATA ELEMENTS
- fixed length control field: 220709|| aca||aabn | a|a d
040 ## - CATALOGING SOURCE
- Original cataloging agency: OSt
- Transcribing agency: OSt
100 ## - HEADING--PERSONAL NAME
- Personal name: South, Ashley
670 ## - SOURCE DATA FOUND
- Source citation: Work cat.: (OSt)0: Conference on Burma/Myanmar in Transition: Connectivity, Changes, and Challenges (2015 : Chiang Mai University) 6710, Citizenship in Myanmar :, 2018.